| 000 | 01022nam a22002415i 4500 | ||
|---|---|---|---|
| 001 | 159824 | ||
| 003 | ES-MaACL | ||
| 005 | 20230906211821.0 | ||
| 008 | 940202s1870 sp a |||| | spa d | ||
| 040 |
_aCAM _bspa |
||
| 100 | 1 |
_aMiró, Jose Ignacio. _9223223 |
|
| 245 | 1 | 0 |
_aEstudio de las piedras preciosas, su historia y caracteres en bruto y labradas _b: con la descripción de las joyas más notables de la corona de España y del Monasterio del Escorial / _cpor Jose Ignacio Miró. |
| 260 |
_aMadrid : _b[s.n.], _c1870 ( _fimprenta á cargo de C. Moro) |
||
| 300 |
_a288 p., [12] h. de lám. ; _c25 cm. |
||
| 530 | _aDisponible en formato digital. | ||
| 599 | _aLas h. de grab. lit. y calc. | ||
| 650 | 4 |
_aPiedras preciosas. _915997 |
|
| 650 | 4 |
_aJoyas- _zEspaña. _9136322 |
|
| 650 | 4 |
_aJoyas reales- _zEspaña. _9136321 |
|
| 852 |
_aES-MaACL _jG-11013 _z-- Enc. tela con cantos dorados |
||
| 856 |
_uhttp://bdh-rd.bne.es/viewer.vm?id=0000058327&page=1 _zBiblioteca Digital Hispánica |
||
| 999 |
_c159824 _d159824 |
||